000 00593nam a2200193Ia 4500
005 20260429112243.0
008 260429s9999||||xx |||||||||||||| ||und||
020 _a9788126722365
041 _aHindi
082 _a891.
_b443 THA
100 _aठाकुर, रवीन्द्रनाथ
245 0 _aगोरा /
_cरवीन्द्रनाथ ठाकुर
250 _a5th ed.
260 _aनई दिल्ली :
_bराजकमल प्रकाशन,
_c2024.
300 _a415 p.; Hb
650 _aNovel
700 _a देवराज
942 _cTB
999 _c53143
_d53143